000 00636nam a2200229Ia 4500
003 OSt
005 20220918225046.0
006 a|||||r|||| 00| 0
007 ta
008 220917b |||||||| |||| 00| 0 eng d
024 _a236,420
037 _cTextual
040 _aARTS
_cARTS
_beng
041 _2eng
_aeng
082 _aU8.2.N2, M7
100 _aJayal Niraja Gopal Ed.
245 0 _aSidney and beatrice webb Indian diary
260 _aBombay
_bOxford University Press USA
_c1987
650 _aGEOGRAPHY; TRAVEL
_920642
942 _hU8.2.N2, M7
_cTEXL
_2CC
999 _c283284
_d283284